000 00496ntaaa2200193 4500
003 01
005 20251027202933.0
008 0714s1973 ag 01
040 _aAR-BaBN
_bspa
_cAR-BaBN
_eaacr
_dRIC
082 _a922.7000 W51
100 _aSchmidt, Martin
_930009
245 _aJohn Wesley
250 _a1 ed.
260 _aNew York :
_bAbingdon Press,
_cc1962
300 _a320 p
500 _aBiografĂ­a de Juan Wesley (1703-1791)
650 _aWesley, Juan (1703-1791)
_915118
942 _cBK
999 _c24656
_d24656